Možnosti financovania začínajúceho podniku bakalárska práca

Gespeichert in:
Bibliographische Detailangaben
1. Verfasser: Mudrák, Juraj
Körperschaft: Fakulta podnikového manažmentu EU. Katedra podnikových financií
Weitere Verfasser: Smorada, Marián, 1984-
Format: Buch
Sprache:Slowakisch
Veröffentlicht: Bratislava 2025
Tags: Tag hinzufügen
Keine Tags, Fügen Sie das erste Tag hinzu!

MARC

LEADER 00000nbm a2200000 4500
001 0309697
005 20260219133515.4
041 0 |a slo 
044 |a SK 
245 1 0 |a Možnosti financovania začínajúceho podniku  |b bakalárska práca  |c Juraj Mudrák ; školiteľ: Marián Smorada 
264 1 |a Bratislava  |c 2025 
300 |a 48 s. 
100 1 |a Mudrák, Juraj 
700 1 |a Smorada, Marián, 1984- 
710 2 |a Fakulta podnikového manažmentu EU. Katedra podnikových financií